| 000 | 00878nam a2200265Ia 4500 | ||
|---|---|---|---|
| 003 | OSt | ||
| 005 | 20220927110335.0 | ||
| 006 | a|||||r|||| 00| 0 | ||
| 007 | ta | ||
| 008 | 220926b |||||||| |||| 00| 0 eng d | ||
| 024 | _a62766 | ||
| 037 | _cReports | ||
| 040 |
_aRTL _cRTL _beng |
||
| 041 |
_2eng _aeng |
||
| 082 | _a"X61.2.N13t, (GD)" | ||
| 110 |
_a"India, Government of ..... Finance and Currency (Royal Commission). (Chairman : Austen Chamberlain) (1913)" _9376237 |
||
| 245 | 0 | _aFinal report | |
| 260 |
_aLondon _bH. M. S. O. U. K. _c1914 |
||
| 300 |
_a64p. _ccm. |
||
| 490 | _vV6 | ||
| 650 |
_aEconomics-Money-Indian _9376238 |
||
| 700 |
_a"India, Government of ..... Finance and Currency (Royal Commission). (Chairman : Austen Chamberlain) (1913)" _9376239 |
||
| 942 |
_h"X61.2.N13t, (GD)" _cCC |
||
| 999 |
_c695588 _d695588 |
||